LEADER 01476nam 2200505 450 001 9910794778503321 005 20230808205223.0 010 $a1-5040-3455-4 035 $a(CKB)4330000000001499 035 $a(SSID)ssj0001668368 035 $a(PQKBManifestationID)16460177 035 $a(PQKBTitleCode)TC0001668368 035 $a(PQKBWorkID)15003680 035 $a(PQKB)11573573 035 $a(MiAaPQ)EBC4425683 035 $a(Au-PeEL)EBL4425683 035 $a(CaPaEBR)ebr11163613 035 $a(CaONFJC)MIL899839 035 $a(OCoLC)941066699 035 $a(EXLCZ)994330000000001499 100 $a20160617h20161870 uy 1 101 0 $aeng 135 $aurcnu|||||||| 181 $ctxt 182 $cc 183 $acr 200 10$aFrom the Earth to the Moon and round the Moon /$fJules Verne ; cover design by Andrea Worthington 210 1$aNew York :$cOpen Road,$d2016. 210 4$dİ1870 215 $a1 online resource (216 pages) 300 $aBibliographic Level Mode of Issuance: Monograph 606 $aSpace ships$vFiction 606 $aManned space flight$vFiction 615 0$aSpace ships 615 0$aManned space flight 676 $a813.54 700 $aVerne$b Jules$0202108 702 $aWorthington$b Andrea 801 0$bMiAaPQ 801 1$bMiAaPQ 801 2$bMiAaPQ 906 $aBOOK 912 $a9910794778503321 996 $aFrom the Earth to the Moon and round the Moon$93753741 997 $aUNINA LEADER 00933nam 2200253la 450 001 9910481135303321 005 20221102154755.0 035 $a(UK-CbPIL)2090334613 035 $a(CKB)5500000000082991 035 $a(EXLCZ)995500000000082991 100 $a20221102d1496 uy | 101 0 $alat 135 $aurcn||||a|bb| 200 10$aEpistolae Heroides (Comm: Antonius Volscus et Ubertinus Clericus) et Sappho et Ibis (Comm: Domitius Calderinus) 210 $aVenice $cSimon Bevilaqua, fl. 1485-1518$d1496 215 $aOnline resource (v.) 300 $aReproduction of original in Biblioteca Nazionale Centrale di Firenze. 700 $aOvid$f43 B.C.-17 A.D. or 18 A.D..$0154954 801 0$bUk-CbPIL 801 1$bUk-CbPIL 906 $aBOOK 912 $a9910481135303321 996 $aEpistolae Heroides (Comm: Antonius Volscus et Ubertinus Clericus) et Sappho et Ibis (Comm: Domitius Calderinus)$92211280 997 $aUNINA